| 000 | 01095nmm a2200301 a 4500 | ||
|---|---|---|---|
| 001 | ocm000652781 | ||
| 003 | TR-IsHL | ||
| 005 | 20201028142334.0 | ||
| 008 | 140104s2000 tu tur | ||
| 007 | cr cn | ||
| 020 | _a9789755125190 | ||
| 035 |
_a652781 _b(N$T) |
||
| 050 | 0 | 4 |
_aTX725.T9 _bT87 2000 |
| 090 | 0 | 4 |
_aTX725.T9 _bT87 2000 |
| 245 | 1 | 0 |
_aTürk Mutfağı'nın "fast - food" karşısındaki yeri: panel kayıtları, 16 Ekim 2000 _h[electronic resource] |
| 260 |
_aİstanbul : _bİstanbul Ticaret Odası, _c2000 |
||
| 300 | _a68 p. | ||
| 650 | 4 | _aGenel Çalışmalar | |
| 650 | 4 | _aGeneral Works | |
| 650 | 0 |
_aMutfak, Türk _x Kongreler ve toplantılar |
|
| 650 | 0 |
_aCookery, Turkish _x Congresses and conventions |
|
| 650 | 0 |
_aFast food restoranlar _x Türkiye |
|
| 650 | 0 |
_aFast food restaurants _x Turkey |
|
| 650 | 0 |
_aYemekler ve yemek yeme _x Türkiye |
|
| 650 | 0 |
_aDinners and dining _x Turkey |
|
| 650 | 7 |
_aCOOKING / Regional & Ethnic / Turkish _2bisacsh |
|
| 856 | 4 | 0 | _uhttp://search.ebscohost.com/login.aspx?direct=true&scope=site&db=e011xww&AN=652781 |
| 999 |
_c8299 _d8299 |
||